00496 2200169 4500001002100000008004100021035002000062245006100082110002100143260003900164300001600203020002200219084001600241082001000257650004600267990001300313INLIS000000000000261 ind  a0010-0120000261 aAkidah AkhlakbMadrasah Tsanawiyah VIIcKementrian Agama aKementrian Agama aJakarta :bKementrian Agama,c2014 ax, 114 hlm. a978-979-8446-66-5 a2X5.1 AKI a a2X5.1 aAkidah dan Akhlak -- Studi dan Pengajaran a21900261